Normal view
MARC view
- QUIRK,J.THOMAS
Entry Personal Name
001 - CONTROL NUMBER
- control field: 90912
003 - CONTROL NUMBER IDENTIFIER
- control field: NUST
005 - DATE AND TIME OF LATEST TRANSACTION
- control field: 20220411141345.0
008 - FIXED-LENGTH DATA ELEMENTS
- fixed length control field: 220411|| aca||aabn | a|a d
040 ## - CATALOGING SOURCE
- Original cataloging agency: NUST
- Transcribing agency: NUST
100 ## - HEADING--PERSONAL NAME
- Personal name: QUIRK,J.THOMAS
670 ## - SOURCE DATA FOUND
- Source citation: Work cat.: (NUST): QUIRK,J.THOMAS., EXEL 2016 FOR BIOLOGICAL AND LIFE SCIENCE STATISTICS /, 2016.
